|
|
|
|
| LEADER |
00916nam a2200181 a 4500 |
| 008 |
100701s2005 bg b 000 0 eng d |
| 040 |
|
|
|a BD-DhAAL
|c BD-DhAAL
|d BD-DhAAL
|
| 082 |
0 |
0 |
|a 070.4/3
|2 22
|
| 100 |
1 |
0 |
|a আলম, মীর সাহিদুল.
|
| 245 |
1 |
0 |
|a রিপোর্টিং :
|b প্রসঙ্গ সুশাসন/
|c মীর সাহিদুল আলম
|
| 260 |
|
|
|a ঢাকা :
|b ম্যাস্-লাইন মিডিয়া সেন্টার,
|c ২০০৫
|
| 300 |
|
|
|a ১২৬ পৃ. ;
|c ২২ সে.মি.
|
| 504 |
|
|
|a গ্রন্থপঞ্জি (পৃ.১২৬)
|
| 541 |
1 |
|
|e 00020083
|
| 650 |
|
0 |
|a Reporters
|x Reporting
|
| 852 |
4 |
|
|a Ayesha Abed Library
|j General shelf
|
| 999 |
|
|
|c 9134
|d 9134
|
| 952 |
|
|
|0 0
|1 4
|2 ddc
|4 0
|6 070_430000000000000_ALA
|7 0
|9 11392
|a JATRI
|b JATRI
|c GEN
|d 2010-07-01
|g 148.00
|l 0
|o 070.43 ALA
|p 3040020083
|r 2010-07-01
|t 1
|w 2010-07-01
|y BK
|x Koha Inventory 2020
|